Denmark true or false #2 - Statistics

General Stats
  • This quiz has been taken 38 times
  • The average score is 10 of 15
Answer Stats
Question Answer % Correct
Denmark is home to the oldest amusement park in the world. True
100%
No place in Denmark is ever more then 30 miles or 50 km from the sea True
100%
The first pacemaker was made in Denmark False
86%
The first UN secretary general was Danish False
86%
It has twice as many bikes then cars. True
86%
The United States bought the Virgin Islands and parts of the West Indies from Denmark True
86%
Denmark has the worlds longest road tunnel False
71%
Denmark has a place to surf called "cold Hawaii" True
71%
Walt Disney was so inspired by Tivoli gardens he wanted to make something Simular in the United States (Disneyland) True
71%
Denmark's national day is on June 6th False
57%
The Youtuber Jelly is from Denmark False
57%
Denmark owns the island of Åland False
57%
Denmark is one of the only countries that has never been invaded by the British False
43%
Denmark's coast line is bigger then the great wall of China True
43%
Denmark has the oldest continuing monarchy in the world. True
0%
No matching quizzes found
Score Distribution
Percent of People with Each Score
Percentile by Number Answered
Your Score History
You have not taken this quiz